000 00951nam0a22002771 4500
001 rc\4391842
005 20250612071109.0
021 _aRU
_b[67-73913]
035 _a(NLR Aleph) 008553911
090 _a8423509
_c8423509
100 _a20130416d1967 |||y0rusy50 ca
101 1 _arus
_cdan
102 _aRU
105 _aa z |||a|
200 1 _aСын смотрителя маяка
_eПовесть о мальчике и его собаке
_e[Для сред. возраста]
_fПер. с дат. [Л. Брауде
_gИл.: В. Щербаков]
210 _aМосква
_cДет. лит.
_d1967
215 _a112 с.
_cил.
_d21
606 _aДети в Дании (д. л.)
_2psbo
700 1 _aДальсгор
_bМ.
_f1879-1941
_gМариус
702 1 _aБрауде
_bЛ.
_4730
702 1 _aЩербаков
_bВ.
_4440
801 0 _aRU
_bNLR
_gpsbo
801 1 _aRU
_bELAR
_2rusmarc
852 _aNLR
_j67-3/5265
942 _cBOOK
980 _aNB